Normal view MARC view

Entry Personal Name

Number of records used in: 1

001 - CONTROL NUMBER

  • control field: 28145

003 - CONTROL NUMBER IDENTIFIER

  • control field: OSt

005 - DATE AND TIME OF LATEST TRANSACTION

  • control field: 20211027105150.0

008 - FIXED-LENGTH DATA ELEMENTS

  • fixed length control field: 211027|| aca||aabn | a|a d

040 ## - CATALOGING SOURCE

  • Original cataloging agency: OSt
  • Transcribing agency: OSt

100 ## - HEADING--PERSONAL NAME

  • Personal name: Patel, N., Gupta, S. and Nagaich, R.

670 ## - SOURCE DATA FOUND

  • Source citation: Work cat.: (OSt)517831: Patel, N., Gupta, S. and Nagaich, R. , Accelerating investment, job creation and income growth

Powered by Koha